00311nam a2200133Ia 45000030006000000080041000060400015000471000021000622450021000832600038001043000006001425460012001480050017001600STCL150530s9999 xx 000 0 und d aSTCLcSTCL aUpendra nat Ashk aAlag Alag Raaste bNeelab Prakashan; Allahabadc1954 a0 aEnglish20220125171224.0